000 00632cam a2200193 i 4500
001 20483456
005 20241021194520.0
008 180419t20182018enkb b 000 0 eng d
020 _a0854902503
_q(paperback)
020 _a9780854902507
_q(paperback)
050 0 0 _aKRX1509
_b.S27 2018
082 0 4 _a344.66704/6
_223
100 1 _aSarpong, George Agyemang,
_eauthor.
245 1 0 _aGhanaian environmental law :
_binternational and national perspectives /
_cGeorge Agyemang Sarpong.
300 _axxii, 491 pages :
_bmaps ;
_c23 cm
650 0 _aEnvironmental law
_zGhana.
650 0 _aEnvironmental policy
_zGhana.
942 _2lcc
_cBK
_n0
999 _c107
_d107